Statistics for Guess The City By The Picture

Click here to take the quiz!

General Stats

  • This quiz has been taken 59 times
  • The average score is 14 of 16

Answer Stats

Answer% Correct
Moscow
98%
NewYork
98%
Paris
98%
Sydney
96%
Athens
94%
LosAngeles
94%
London
94%
Cairo
94%
Dubai
92%
Venice
91%
RioDeJaneiro
87%
Berlin
81%
Amsterdam
79%
Singapore
74%
Istanbul
57%
Tokyo
55%

Score Distribution

Percentile by Number Answered

Percent of People with Each Score

Your Score History

You have not taken this quiz